[Event "LSS CP-2007-P-00038"]
[Site "LSS email"]
[Date "2007.10.01"]
[Round "?"]
[White "Hallengren, Boris"]
[Black "De Backer, Joeri"]
[Result "1-0"]
[WhiteElo "2066"]
[BlackElo "1015"]
[PlyCount "27"]
[EventDate "2007.10.01"]
[EventType "tourn (corr)"]
[EventRounds "6"]
[EventCountry "GER"]
[SourceTitle "Corr 2015"]
[Source "ChessBase"]
[SourceDate "2015.07.17"]
[SourceVersion "1"]
[SourceVersionDate "2015.07.17"]
[SourceQuality "1"]

1. e4 Nc6 2. Nf3 Nf6 3. e5 Nd5 4. d4 e6 5. c4 Nde7 6. d5 Nb8 7. Bd3 exd5 8. 0-0 c6 9. Nc3 dxc4 10. Bxc4 b5 11. Bb3 h6 12. Re1 Bb7 13. Ne4 Ng6 14. Nfg5 1-0

[Event "IECG CF.2006.0.00081 email"]
[Site "IECG email"]
[Date "2006.05.22"]
[Round "?"]
[White "De Backer, Joeri"]
[Black "Hernandez, Yordan"]
[Result "1/2-1/2"]
[WhiteElo "1013"]
[BlackElo "847"]
[PlyCount "46"]
[EventDate "2006.05.22"]
[EventType "tourn (corr)"]
[EventRounds "6"]
[SourceTitle "Corr 2008"]
[Source "ChessBase"]
[SourceDate "2008.06.24"]
[SourceVersion "1"]
[SourceVersionDate "2008.06.24"]
[SourceQuality "1"]

1. e4 e5 2. Nf3 Nc6 3. Bb5 a6 4. Bxc6 dxc6 5. 0-0 Bg4 6. h3 h5 7. d3 Qf6 8. Nbd2 Bd6 9. d4 Qg6 10. dxe5 Be7 11. Kh1 0-0-0 12. Qe2 Nh6 13. Qe3 Kb8 14. hxg4 hxg4 15. Nh2 Bg5 16. Qc3 Bxd2 17. Bxd2 g3 18. Bxh6 Rxh6 19. Qxg3 Rdh8 20. Rae1 Qh7 21. f4 Rg6 22. Qh3 Rh6 23. Qg3 Rg6 1/2-1/2

[Event "IECG CF.2006.0.00081 email"]
[Site "IECG email"]
[Date "2006.05.22"]
[Round "?"]
[White "Sardinas Barrero, Juan Carlos"]
[Black "De Backer, Joeri"]
[Result "1/2-1/2"]
[WhiteElo "1000"]
[BlackElo "1013"]
[PlyCount "75"]
[EventDate "2006.05.22"]
[EventType "tourn (corr)"]
[EventRounds "6"]
[SourceTitle "Corr 2008"]
[Source "ChessBase"]
[SourceDate "2008.06.24"]
[SourceVersion "1"]
[SourceVersionDate "2008.06.24"]
[SourceQuality "1"]

1. e4 e5 2. Nf3 Nf6 3. Nc3 Nc6 4. Bb5 Bc5 5. Nxe5 Nxe5 6. d4 Bd6 7. f4 Ng6 8. e5 c6 9. Bd3 Bb4 10. exf6 Qxf6 11. Qe2+ Ne7 12. 0-0 d5 13. Qe5 Bf5 14. Qxf6 gxf6 15. a3 Bxc3 16. bxc3 0-0-0 17. Re1 Bxd3 18. cxd3 Nf5 19. Kf2 h5 20. Ra2 Rde8 21. Rae2 Rxe2+ 22. Rxe2 b5 23. a4 bxa4 24. Ra2 Re8 25. Rxa4 Kb7 26. Ra2 a6 27. Re2 Rxe2+ 28. Kxe2 a5 29. Kf3 a4 30. g4 hxg4+ 31. Kxg4 Nh6+ 32. Kh5 Nf5 33. h4 Kc7 34. Kg4 Nh6+ 35. Kf3 Kd6 36. Ba3+ Ke6 37. h5 f5 38. Ke3 1/2-1/2

[Event "CFriend SL-2004-0-00020 email"]
[Site "Chessfriend.com"]
[Date "2004.06.15"]
[Round "1"]
[White "De Backer, Joeri"]
[Black "McNally, Tony"]
[Result "0-1"]
[WhiteElo "1013"]
[BlackElo "1104"]
[PlyCount "64"]
[EventDate "2004.??.??"]
[EventType "tourn (corr)"]
[EventRounds "12"]
[SourceTitle "Corr 2008"]
[Source "ChessBase"]
[SourceDate "2008.06.24"]
[SourceVersion "1"]
[SourceVersionDate "2008.06.24"]
[SourceQuality "1"]

1. e4 c5 2. Nc3 Nc6 3. Nf3 d6 4. Bb5 Nf6 5. d4 cxd4 6. Nxd4 Bd7 7. 0-0 g6 8. Nxc6 bxc6 9. Bc4 Bg7 10. Bg5 0-0 11. Qe2 Qa5 12. Bd2 Qc5 13. Be3 Qb4 14. Rab1 a5 15. a3 Qb7 16. Bg5 h6 17. Bh4 Qa7 18. Rfe1 a4 19. h3 Qc5 20. Red1 Be6 21. Bxe6 fxe6 22. Kh1 Nh5 23. Qg4 Kf7 24. Rd3 Nf6 25. Rf3 Ra5 26. Bg3 h5 27. Qf4 Kg8 28. Qd2 Nh7 29. Rd3 d5 30. f3 Ra6 31. Kh2 Raa8 32. Kh1 Ra6 0-1

[Event "CFriend SL-2004-0-00019 email"]
[Site "Chessfriend.com"]
[Date "2004.05.18"]
[Round "1"]
[White "Borrell, Robert"]
[Black "De Backer, Joeri"]
[Result "1-0"]
[WhiteElo "1910"]
[BlackElo "1013"]
[PlyCount "93"]
[EventDate "2004.??.??"]
[EventType "tourn (corr)"]
[EventRounds "8"]
[SourceTitle "Corr 2008"]
[Source "ChessBase"]
[SourceDate "2008.06.24"]
[SourceVersion "1"]
[SourceVersionDate "2008.06.24"]
[SourceQuality "1"]

1. e4 e6 2. d4 d5 3. Nd2 Nc6 4. Ngf3 Nf6 5. e5 Nd7 6. Nb3 Be7 7. Bb5 0-0 8. 0-0 Ndb8 9. c3 b6 10. Qe2 a5 11. Be3 Ba6 12. Bd3 Bxd3 13. Qxd3 f6 14. exf6 Rxf6 15. Ng5 Rg6 16. h4 Qe8 17. Rae1 h6 18. Nf3 a4 19. Nbd2 Rf6 20. Re2 Qh5 21. Rfe1 Rf8 22. g3 Rxf3 23. Nxf3 Qxf3 24. Qg6 Qf7 25. Qxf7+ Kxf7 26. Bf4 Bd6 27. Bxd6 cxd6 28. Rxe6 Ne5 29. R6xe5 dxe5 30. Rxe5 Ra5 31. Rf5+ Ke6 32. Re5+ Kd6 33. f4 Nd7 34. Re2 Nf6 35. Kg2 Ne4 36. a3 h5 37. Kf3 Ra7 38. g4 hxg4+ 39. Kxg4 g6 40. Kf3 Rf7 41. Rg2 Rf6 42. Re2 b5 43. Rh2 Ke6 44. Kg4 Rf5 45. Re2 Kf7 46. Kf3 Rh5 47. Kg4 1-0

[Event "CFriend SL-2004-0-00017 email"]
[Site "Chessfriend.com"]
[Date "2004.03.16"]
[Round "?"]
[White "Croke, Pat"]
[Black "De Backer, Joeri"]
[Result "0-1"]
[WhiteElo "921"]
[BlackElo "1020"]
[PlyCount "52"]
[EventDate "2004.??.??"]
[EventType "tourn (corr)"]
[EventRounds "8"]
[SourceTitle "Corr 2008"]
[Source "ChessBase"]
[SourceDate "2008.06.24"]
[SourceVersion "1"]
[SourceVersionDate "2008.06.24"]
[SourceQuality "1"]

1. e4 e5 2. Nf3 Nc6 3. Bc4 Nf6 4. d3 Be7 5. Ng5 0-0 6. 0-0 Na5 7. Nd2 d5 8. exd5 Nxd5 9. Nde4 c6 10. Nxh7 Kxh7 11. Qh5+ Kg8 12. Qxe5 Nb4 13. Qg3 Bh4 14. Qe5 Nxc2 15. Rb1 Nd4 16. Be3 Ne2+ 17. Kh1 b5 18. Bb3 Nxb3 19. Rfe1 Nbd4 20. Bxd4 Nxd4 21. Rbc1 Bg4 22. g3 Bf3+ 23. Kg1 Be7 24. Nc5 Bxc5 25. Rxc5 Qd7 26. Qf4 Qh3 0-1

[Event "CFriend SL-2004-0-00017 email"]
[Site "Chessfriend.com"]
[Date "2004.03.16"]
[Round "?"]
[White "Valencia, Gabriel"]
[Black "De Backer, Joeri"]
[Result "0-1"]
[WhiteElo "1000"]
[BlackElo "857"]
[PlyCount "42"]
[EventDate "2004.??.??"]
[EventType "tourn (corr)"]
[EventRounds "8"]
[SourceTitle "Corr 2008"]
[Source "ChessBase"]
[SourceDate "2008.06.24"]
[SourceVersion "1"]
[SourceVersionDate "2008.06.24"]
[SourceQuality "1"]

1. e4 e6 2. d4 d5 3. Nd2 Nf6 4. Bd3 c5 5. e5 Nfd7 6. c3 cxd4 7. cxd4 Nc6 8. Ngf3 Qb6 9. Nb3 a5 10. 0-0 a4 11. Nbd2 Be7 12. Re1 g5 13. h3 h5 14. Nf1 g4 15. Ng5 Qxd4 16. h4 Ndxe5 17. Bb5 Qxd1 18. Rxd1 f6 19. Re1 Bd7 20. Bxc6 bxc6 21. Bf4 Nd3 0-1

[Event "CFriend SL-2004-0-00017 email"]
[Site "Chessfriend.com"]
[Date "2004.03.16"]
[Round "?"]
[White "Vasquez, Juan Carlos"]
[Black "De Backer, Joeri"]
[Result "1-0"]
[WhiteElo "1463"]
[BlackElo "1020"]
[PlyCount "97"]
[EventDate "2004.??.??"]
[EventType "tourn (corr)"]
[EventRounds "8"]
[SourceTitle "Corr 2008"]
[Source "ChessBase"]
[SourceDate "2008.06.24"]
[SourceVersion "1"]
[SourceVersionDate "2008.06.24"]
[SourceQuality "1"]

1. d4 Nf6 2. c4 e6 3. Nf3 Nc6 4. e3 d5 5. a3 Bd7 6. Nbd2 Bd6 7. Bd3 0-0 8. c5 Be7 9. b4 b5 10. Ne5 a5 11. Nxd7 Qxd7 12. Bxb5 Rfb8 13. Bxc6 Qxc6 14. bxa5 Rxa5 15. 0-0 Rab5 16. Nf3 Ne4 17. Ne5 Qe8 18. f3 Nc3 19. Qc2 Rb3 20. Bd2 Ne2+ 21. Kh1 Bg5 22. f4 Bh4 23. Nf3 Be7 24. a4 Qc8 25. Ne5 c6 26. Rfe1 f6 27. Nxc6 Qxc6 28. Rxe2 Rb2 29. Qd1 Qa6 30. Re1 Qc4 31. a5 Bd8 32. a6 Ra2 33. a7 Ra8 34. f5 exf5 35. Qf3 Rxd2 36. Qxf5 Kf8 37. Qd7 Ra2 38. Qd6+ Kf7 39. Rac1 Re2 40. Rg1 Be7 41. Qb8 Rxb8 42. axb8Q Qd3 43. c6 Qxe3 44. Qb5 Bd6 45. Qxd5+ Qe6 46. Qh5+ Kg8 47. c7 Bxc7 48. Rxc7 Re1 49. h3 1-0

[Event "CFriend SL-2003-0-00014 email"]
[Site "Chessfriend.com"]
[Date "2003.12.10"]
[Round "?"]
[White "Koch, Michael B"]
[Black "De Backer, Joeri"]
[Result "0-1"]
[WhiteElo "1171"]
[BlackElo "803"]
[PlyCount "42"]
[EventDate "2003.??.??"]
[EventType "tourn (corr)"]
[EventRounds "12"]
[SourceTitle "Corr 2008"]
[Source "ChessBase"]
[SourceDate "2008.06.24"]
[SourceVersion "1"]
[SourceVersionDate "2008.06.24"]
[SourceQuality "1"]

1. d4 e6 2. Nf3 Nf6 3. e3 Be7 4. Be2 0-0 5. 0-0 d5 6. c4 dxc4 7. Bxc4 a6 8. Nc3 b5 9. Bb3 Bb7 10. Bc2 Nbd7 11. a3 c5 12. Re1 Qc7 13. dxc5 Bxc5 14. Ng5 Rfd8 15. e4 Ne5 16. Qe2 Neg4 17. e5 Bxf2+ 18. Kh1 Bxe1 19. Qxe1 Qxe5 20. Qxe5 Nxe5 21. Bf4 Nd3 0-1

[Event "IECG CN.2002.0.00299 email"]
[Site "IECG email"]
[Date "2002.06.29"]
[Round "?"]
[White "De Backer, Joeri"]
[Black "Brueckner, Helmut"]
[Result "1/2-1/2"]
[WhiteElo "741"]
[BlackElo "800"]
[PlyCount "66"]
[EventDate "2002.06.29"]
[EventType "tourn (corr)"]
[EventRounds "6"]
[SourceTitle "Corr 2008"]
[Source "ChessBase"]
[SourceDate "2008.06.24"]
[SourceVersion "1"]
[SourceVersionDate "2008.06.24"]
[SourceQuality "1"]

1. e4 c5 2. Nc3 Nc6 3. Nf3 Nf6 4. d4 cxd4 5. Nxd4 e5 6. Ndb5 d6 7. Nd5 Nxd5 8. exd5 Nb8 9. Bg5 Be7 10. Bxe7 Qxe7 11. Qd3 0-0 12. Be2 Na6 13. 0-0 Nc5 14. Qe3 a6 15. Nc3 f5 16. b4 Nd7 17. Rfe1 Nf6 18. h3 Qc7 19. Rab1 Bd7 20. Rb3 Be8 21. Bd3 e4 22. Be2 Bf7 23. Qd4 Rfe8 24. b5 Rec8 25. bxa6 bxa6 26. Ra3 Qc5 27. Qxc5 Rxc5 28. Nb5 Bxd5 29. Nxd6 Rxc2 30. Nxf5 Rxa2 31. Rxa2 Bxa2 32. Ra1 Be6 33. Nd6 a5 1/2-1/2

[Event "IECG CN.2001.0.00231"]
[Site "IECG email"]
[Date "2001.02.01"]
[Round "?"]
[White "Charalgun, Uri"]
[Black "De Backer, Joeri"]
[Result "0-1"]
[WhiteElo "800"]
[BlackElo "800"]
[PlyCount "20"]
[EventDate "2001.02.01"]
[EventType "tourn (corr)"]
[EventRounds "6"]
[SourceTitle "Corr 2008"]
[Source "ChessBase"]
[SourceDate "2008.06.24"]
[SourceVersion "1"]
[SourceVersionDate "2008.06.24"]
[SourceQuality "1"]

1. e4 e5 2. Nf3 Nc6 3. Bc4 Nf6 4. Ng5 d5 5. exd5 Nxd5 6. d4 Nxd4 7. Bxd5 Qxd5 8. c3 Qxg2 9. Rf1 Bg4 10. f3 Nc2+ 0-1

[Event "IECG CN.2001.0.00231"]
[Site "IECG email"]
[Date "2001.02.01"]
[Round "?"]
[White "De Backer, Joeri"]
[Black "Van Den Broeck, Peter"]
[Result "0-1"]
[WhiteElo "800"]
[BlackElo "958"]
[PlyCount "100"]
[EventDate "2001.02.01"]
[EventType "tourn (corr)"]
[EventRounds "6"]
[SourceTitle "Corr 2008"]
[Source "ChessBase"]
[SourceDate "2008.06.24"]
[SourceVersion "1"]
[SourceVersionDate "2008.06.24"]
[SourceQuality "1"]

1. e4 e5 2. Nf3 Nc6 3. Bb5 Nf6 4. Nc3 Bc5 5. 0-0 d6 6. d3 h6 7. h3 Bd7 8. a3 0-0 9. b4 Bd4 10. Bb2 Bxc3 11. Bxc3 Ne7 12. Bc4 c6 13. Nh4 d5 14. Bb3 d4 15. Bb2 Qc7 16. Rc1 a5 17. bxa5 Qxa5 18. Ra1 c5 19. a4 Qc7 20. Qf3 b5 21. axb5 Bxb5 22. c4 Bc6 23. Rfb1 Rfb8 24. Qd1 Rxa1 25. Rxa1 Nh5 26. Qxh5 Rxb3 27. Qe2 Qb6 28. Ra2 Qb8 29. Qc2 Bd7 30. Nf3 Rb6 31. Ba3 Qc7 32. Bb2 Ng6 33. Ra8+ Rb8 34. Rxb8+ Qxb8 35. Kf1 f5 36. exf5 Bxf5 37. Ne1 Qa8 38. f3 Qa2 39. Ke2 Nf4+ 40. Kd2 Qa5+ 41. Kd1 Qa6 42. Qb3 Qg6 43. Qb8+ Kh7 44. Qxe5 Nxd3 45. Nxd3 Bxd3 46. g4 Qb6 47. Kc1 Qb3 48. Qh2 Qxc4+ 49. Kd1 Qb3+ 50. Ke1 Bg6 0-1

[Event "IECG CN.2000.0.00223"]
[Site "IECG email"]
[Date "2000.11.16"]
[Round "?"]
[White "Brown, Rick"]
[Black "De Backer, Joeri"]
[Result "0-1"]
[WhiteElo "974"]
[BlackElo "800"]
[PlyCount "54"]
[EventDate "2000.11.16"]
[EventType "tourn (corr)"]
[EventRounds "6"]
[SourceTitle "Corr 2008"]
[Source "ChessBase"]
[SourceDate "2008.06.24"]
[SourceVersion "1"]
[SourceVersionDate "2008.06.24"]
[SourceQuality "1"]

1. e4 Nf6 2. e5 Nd5 3. d4 d6 4. Bc4 dxe5 5. dxe5 e6 6. Ne2 Nc6 7. f4 Na5 8. Bxd5 exd5 9. 0-0 Bg4 10. Qd3 Qd7 11. Nbc3 0-0-0 12. Nd4 a6 13. Be3 Bc5 14. f5 Nc4 15. e6 Qe7 16. a3 Nxb2 17. Qd2 Nc4 18. Qf2 fxe6 19. fxe6 Bxe6 20. Rfe1 Rhf8 21. Qg3 g6 22. Rad1 Bd6 23. Bf4 Bxf4 24. Rxe6 Qxa3 25. Qh3 Kb8 26. Rb1 Nd2 27. Nc6+ Ka8 0-1